[Event "World Youth & Cadets Blitz Championships"]
[Site "Rhodes, Greece"]
[Date "2022.05.03"]
[Round "9.2"]
[White "Can, Isik"]
[Black "Ochedzan, Tymon"]
[Result "0-1"]
[TimeControl "5'/game & 2\"/move"]
[WhiteElo "2130"]
[BlackElo "1965"]

1. e4 {[%clk 00:05:03]} {[%emt 00:00:01]} c5 {[%clk 00:05:03]} {[%emt
00:00:01]} 2. Nf3 {[%clk 00:05:05]} {[%emt 00:00:01]} d6 {[%clk 00:05:03]}
{[%emt 00:00:01]} 3. d4 {[%clk 00:05:06]} cxd4 {[%clk 00:05:04]} {[%emt
00:00:02]} 4. Nxd4 {[%clk 00:05:06]} {[%emt 00:00:01]} Nf6 {[%clk 00:05:04]}
{[%emt 00:00:02]} 5. Nc3 {[%clk 00:05:07]} {[%emt 00:00:01]} a6 {[%clk
00:05:05]} {[%emt 00:00:01]} 6. Bg5 {[%clk 00:05:08]} {[%emt 00:00:02]} Nbd7
{[%clk 00:05:04]} {[%emt 00:00:02]} 7. Qe2 {[%clk 00:05:09]} Qc7 {[%clk
00:04:53]} {[%emt 00:00:13]} 8. O-O-O {[%clk 00:05:00]} {[%emt 00:00:11]} h6
{[%clk 00:04:50]} {[%emt 00:00:05]} 9. Bh4 {[%clk 00:04:44]} {[%emt 00:00:18]}
g6 {[%clk 00:04:31]} {[%emt 00:00:21]} 10. f4 {[%clk 00:04:18]} {[%emt
00:00:28]} e5 {[%clk 00:04:29]} {[%emt 00:00:04]} 11. Nf3 {[%clk 00:03:49]}
{[%emt 00:00:31]} b5 {[%clk 00:04:08]} {[%emt 00:00:24]} 12. fxe5 {[%clk
00:03:22]} {[%emt 00:00:29]} dxe5 {[%clk 00:04:08]} {[%emt 00:00:02]} 13. Nd5
{[%clk 00:03:14]} {[%emt 00:00:10]} Nxd5 {[%clk 00:04:02]} {[%emt 00:00:08]} 14.
exd5 {[%clk 00:03:14]} {[%emt 00:00:01]} Bd6 {[%clk 00:03:53]} {[%emt
00:00:11]} 15. Nd2 {[%clk 00:02:55]} {[%emt 00:00:22]} Bb7 {[%clk 00:03:38]}
{[%emt 00:00:16]} 16. Ne4 {[%clk 00:02:51]} {[%emt 00:00:06]} Rc8 {[%clk
00:03:32]} {[%emt 00:00:09]} 17. Qd2 {[%clk 00:02:12]} {[%emt 00:00:40]} f5
{[%clk 00:03:19]} {[%emt 00:00:15]} 18. Nxd6+ {[%clk 00:01:59]} {[%emt
00:00:15]} Qxd6 {[%clk 00:03:20]} {[%emt 00:00:02]} 19. g4 {[%clk 00:01:59]}
{[%emt 00:00:01]} f4 {[%clk 00:03:06]} {[%emt 00:00:17]} 20. g5 {[%clk
00:01:33]} {[%emt 00:00:28]} h5 {[%clk 00:02:52]} {[%emt 00:00:15]} 21. Bh3
{[%clk 00:01:29]} {[%emt 00:00:06]} O-O {[%clk 00:02:43]} {[%emt 00:00:11]} 22.
Rhe1 {[%clk 00:01:19]} {[%emt 00:00:13]} Rc7 {[%clk 00:02:39]} {[%emt
00:00:06]} 23. Kb1 {[%clk 00:01:16]} {[%emt 00:00:05]} Nb6 {[%clk 00:02:38]}
{[%emt 00:00:03]} 24. Be6+ {[%clk 00:01:13]} {[%emt 00:00:05]} Kg7 {[%clk
00:02:37]} {[%emt 00:00:03]} 25. Bf2 {[%clk 00:01:13]} {[%emt 00:00:01]} Nc4
{[%clk 00:02:35]} {[%emt 00:00:04]} 26. Qc1 {[%clk 00:00:38]} {[%emt 00:00:37]}
a5 {[%clk 00:02:25]} {[%emt 00:00:13]} 27. Rd3 {[%clk 00:00:25]} {[%emt
00:00:15]} a4 {[%clk 00:02:23]} {[%emt 00:00:03]} 28. Rc3 {[%clk 00:00:11]}
{[%emt 00:00:16]} b4 {[%clk 00:02:18]} {[%emt 00:00:08]} 29. Rd3 {[%clk
00:00:11]} {[%emt 00:00:01]} Ba6 {[%clk 00:02:12]} {[%emt 00:00:08]} 30. Rf3
{[%clk 00:00:09]} {[%emt 00:00:04]} Bb5 {[%clk 00:02:02]} {[%emt 00:00:13]} 31.
Qd1 {[%clk 00:00:10]} {[%emt 00:00:01]} b3 {[%clk 00:01:52]} {[%emt 00:00:11]}
32. cxb3 {[%clk 00:00:10]} {[%emt 00:00:02]} axb3 {[%clk 00:01:53]} 33. axb3
{[%clk 00:00:06]} {[%emt 00:00:06]} Na5 {[%clk 00:01:49]} {[%emt 00:00:06]} 34.
Qd2 {[%clk 00:00:06]} {[%emt 00:00:03]} Ra8 {[%clk 00:01:45]} {[%emt 00:00:05]}
35. Rxe5 {[%clk 00:00:06]} {[%emt 00:00:03]} Nc6 {[%clk 00:01:21]} {[%emt
00:00:26]} 36. Re1 {[%clk 00:00:05]} {[%emt 00:00:02]} Nb4 {[%clk 00:01:20]}
{[%emt 00:00:03]} 37. Bd4+ {[%clk 00:00:04]} {[%emt 00:00:03]} Kh7 {[%clk
00:01:20]} {[%emt 00:00:02]} 38. Qc3 {[%clk 00:00:03]} {[%emt 00:00:03]} Rxc3
{[%clk 00:01:13]} {[%emt 00:00:09]} 39. bxc3 {[%clk 00:00:04]} {[%emt
00:00:02]} Ra1+ {[%clk 00:01:08]} {[%emt 00:00:06]} 40. Kxa1 {[%clk 00:00:05]}
{[%emt 00:00:02]} Qa6+ {[%clk 00:01:09]} 0-1

[Event "World Youth & Cadets Blitz Championships"]
[Site "Rhodes, Greece"]
[Date "2022.05.03"]
[Round "9.3"]
[White "Rakhmatullaev, Almas"]
[Black "Petrovskyi, Vadym"]
[Result "1-0"]
[TimeControl "5'/game & 2\"/move"]
[WhiteElo "1956"]
[BlackElo "2400"]

1. e4 {[%clk 00:05:01]} {[%emt 00:00:02]} c5 {[%clk 00:05:03]} {[%emt
00:00:01]} 2. c3 {[%clk 00:05:02]} {[%emt 00:00:01]} d5 {[%clk 00:05:00]}
{[%emt 00:00:05]} 3. exd5 {[%clk 00:05:01]} {[%emt 00:00:03]} Qxd5 {[%clk
00:05:00]} {[%emt 00:00:02]} 4. d4 {[%clk 00:05:02]} {[%emt 00:00:01]} Nf6
{[%clk 00:05:01]} {[%emt 00:00:02]} 5. Nf3 {[%clk 00:04:59]} {[%emt 00:00:04]}
Bg4 {[%clk 00:05:01]} {[%emt 00:00:02]} 6. dxc5 {[%clk 00:04:57]} {[%emt
00:00:05]} Qxc5 {[%clk 00:05:00]} {[%emt 00:00:02]} 7. Be3 {[%clk 00:04:48]}
{[%emt 00:00:11]} Qc7 {[%clk 00:05:00]} 8. Na3 {[%clk 00:04:39]} {[%emt
00:00:12]} a6 {[%clk 00:04:38]} {[%emt 00:00:24]} 9. Nc4 {[%clk 00:04:39]}
{[%emt 00:00:02]} Nbd7 {[%clk 00:04:38]} {[%emt 00:00:02]} 10. h3 {[%clk
00:04:39]} {[%emt 00:00:01]} Bh5 {[%clk 00:04:17]} {[%emt 00:00:23]} 11. g4
{[%clk 00:04:39]} {[%emt 00:00:04]} Bg6 {[%clk 00:04:18]} 12. g5 {[%clk
00:04:37]} {[%emt 00:00:04]} Ne4 {[%clk 00:04:14]} {[%emt 00:00:05]} 13. Nh4
{[%clk 00:04:37]} {[%emt 00:00:02]} e6 {[%clk 00:04:03]} {[%emt 00:00:13]} 14.
Qf3 {[%clk 00:04:32]} {[%emt 00:00:07]} Nec5 {[%clk 00:03:56]} {[%emt
00:00:09]} 15. Nxg6 {[%clk 00:04:32]} {[%emt 00:00:03]} hxg6 {[%clk 00:03:56]}
{[%emt 00:00:01]} 16. O-O-O {[%clk 00:04:16]} {[%emt 00:00:18]} Be7 {[%clk
00:03:31]} {[%emt 00:00:27]} 17. h4 {[%clk 00:03:35]} {[%emt 00:00:43]} Rd8
{[%clk 00:03:10]} {[%emt 00:00:24]} 18. Bf4 {[%clk 00:03:08]} {[%emt 00:00:28]}
e5 {[%clk 00:03:05]} {[%emt 00:00:07]} 19. Bg3 {[%clk 00:02:54]} {[%emt
00:00:15]} O-O {[%clk 00:02:52]} {[%emt 00:00:16]} 20. h5 {[%clk 00:02:16]}
{[%emt 00:00:40]} Bxg5+ {[%clk 00:02:52]} {[%emt 00:00:02]} 21. Kb1 {[%clk
00:02:17]} gxh5 {[%clk 00:01:56]} {[%emt 00:00:58]} 22. Rxh5 {[%clk 00:01:53]}
{[%emt 00:00:25]} Bf6 {[%clk 00:01:45]} {[%emt 00:00:14]} 23. Ne3 {[%clk
00:01:36]} {[%emt 00:00:20]} Nb6 {[%clk 00:01:37]} {[%emt 00:00:10]} 24. Bd3
{[%clk 00:00:37]} {[%emt 00:01:00]} Rfe8 {[%clk 00:01:05]} {[%emt 00:00:34]} 25.
Rdh1 {[%clk 00:00:22]} {[%emt 00:00:17]} Kf8 {[%clk 00:01:07]} 26. Nf5 {[%clk
00:00:20]} {[%emt 00:00:05]} 1-0

[Event "World Youth & Cadets Blitz Championships"]
[Site "Rhodes, Greece"]
[Date "2022.05.03"]
[Round "9.4"]
[White "Tobak, Mikhail"]
[Black "Nareks, Matic"]
[Result "1-0"]
[TimeControl "5'/game & 2\"/move"]
[WhiteElo "2068"]
[BlackElo "2147"]

1. e4 {[%clk 00:05:03]} {[%emt 00:00:01]} c5 {[%clk 00:05:04]} {[%emt
00:00:01]} 2. Nf3 {[%clk 00:05:04]} {[%emt 00:00:01]} g6 {[%clk 00:05:05]}
{[%emt 00:00:01]} 3. c3 {[%clk 00:05:02]} {[%emt 00:00:03]} d5 {[%clk
00:05:05]} {[%emt 00:00:02]} 4. exd5 {[%emt 00:00:13]} Qxd5 {[%clk 00:05:05]}
{[%emt 00:00:02]} 5. d4 {[%clk 00:04:53]} Bg7 {[%clk 00:05:05]} {[%emt
00:00:01]} 6. Be3 {[%clk 00:04:50]} {[%emt 00:00:05]} cxd4 {[%clk 00:05:01]}
{[%emt 00:00:06]} 7. Bxd4 {[%clk 00:04:47]} {[%emt 00:00:04]} Nf6 {[%clk
00:04:57]} {[%emt 00:00:07]} 8. Nbd2 {[%clk 00:04:45]} {[%emt 00:00:04]} Nc6
{[%clk 00:04:51]} {[%emt 00:00:08]} 9. Bc4 {[%clk 00:04:45]} {[%emt 00:00:02]}
Qa5 {[%clk 00:04:50]} {[%emt 00:00:03]} 10. Be3 {[%clk 00:04:30]} {[%emt
00:00:17]} O-O {[%clk 00:04:46]} {[%emt 00:00:06]} 11. O-O {[%clk 00:04:30]}
{[%emt 00:00:02]} Bf5 {[%clk 00:04:37]} {[%emt 00:00:11]} 12. Nb3 {[%clk
00:04:14]} {[%emt 00:00:19]} Qc7 {[%clk 00:04:38]} {[%emt 00:00:01]} 13. Qe2
{[%clk 00:04:09]} {[%emt 00:00:07]} Rac8 {[%clk 00:04:35]} {[%emt 00:00:05]} 14.
Bd3 {[%clk 00:03:55]} {[%emt 00:00:15]} Bg4 {[%clk 00:04:03]} {[%emt 00:00:34]}
15. h3 {[%clk 00:03:49]} {[%emt 00:00:08]} Bh5 {[%clk 00:04:04]} 16. Kh1 {[%clk
00:02:59]} {[%emt 00:00:52]} Ne5 {[%clk 00:03:41]} {[%emt 00:00:26]} 17. Bf4
{[%clk 00:02:44]} {[%emt 00:00:17]} Bxf3 {[%clk 00:03:17]} {[%emt 00:00:26]} 18.
Qxe5 {[%clk 00:02:37]} {[%emt 00:00:08]} Qxe5 {[%clk 00:03:15]} {[%emt
00:00:05]} 19. Bxe5 {[%clk 00:02:38]} Bd5 {[%clk 00:03:11]} {[%emt 00:00:06]}
20. Nd4 {[%clk 00:02:34]} {[%emt 00:00:06]} Rfd8 {[%clk 00:03:07]} {[%emt
00:00:05]} 21. Rfe1 {[%clk 00:02:21]} {[%emt 00:00:15]} e6 {[%clk 00:03:04]}
{[%emt 00:00:05]} 22. Kg1 {[%clk 00:02:21]} {[%emt 00:00:02]} a6 {[%clk
00:03:03]} {[%emt 00:00:04]} 23. a4 {[%clk 00:02:20]} {[%emt 00:00:02]} Nd7
{[%clk 00:02:53]} {[%emt 00:00:12]} 24. Bxg7 {[%clk 00:02:19]} {[%emt
00:00:03]} Kxg7 {[%clk 00:02:54]} 25. Be4 {[%clk 00:01:55]} {[%emt 00:00:26]}
Nf6 {[%clk 00:02:38]} {[%emt 00:00:19]} 26. Bxd5 {[%clk 00:01:51]} {[%emt
00:00:05]} Nxd5 {[%clk 00:02:37]} {[%emt 00:00:03]} 27. Rad1 {[%clk 00:01:39]}
{[%emt 00:00:14]} Kf6 {[%clk 00:02:37]} {[%emt 00:00:03]} 28. Nf3 {[%clk
00:01:14]} {[%emt 00:00:27]} Nb6 {[%clk 00:02:33]} {[%emt 00:00:05]} 29. Rxd8
{[%clk 00:01:09]} {[%emt 00:00:07]} Rxd8 {[%clk 00:02:34]} 30. Re4 {[%clk
00:01:10]} {[%emt 00:00:01]} Nd5 {[%clk 00:02:27]} {[%emt 00:00:09]} 31. Kf1
{[%clk 00:00:47]} {[%emt 00:00:25]} Ke7 {[%clk 00:02:19]} {[%emt 00:00:09]} 32.
g3 {[%clk 00:00:44]} {[%emt 00:00:06]} h6 {[%clk 00:02:15]} {[%emt 00:00:06]}
33. Ke2 {[%clk 00:00:45]} Rd7 {[%clk 00:02:12]} {[%emt 00:00:05]} 34. h4 {[%clk
00:00:44]} {[%emt 00:00:03]} Rc7 {[%clk 00:02:06]} {[%emt 00:00:08]} 35. Ne5
{[%clk 00:00:37]} {[%emt 00:00:10]} f5 {[%clk 00:01:31]} {[%emt 00:00:37]} 36.
Rd4 {[%clk 00:00:32]} {[%emt 00:00:06]} g5 {[%clk 00:01:29]} {[%emt 00:00:04]}
37. hxg5 {[%clk 00:00:12]} {[%emt 00:00:23]} hxg5 {[%clk 00:01:30]} {[%emt
00:00:01]} 38. Rd1 {[%clk 00:00:08]} {[%emt 00:00:05]} Kf6 {[%clk 00:01:27]}
{[%emt 00:00:06]} 39. Nf3 {[%clk 00:00:06]} {[%emt 00:00:03]} Nb6 {[%clk
00:01:25]} {[%emt 00:00:05]} 40. Rd4 {[%clk 00:00:03]} {[%emt 00:00:05]} Nc4
{[%clk 00:01:16]} {[%emt 00:00:10]} 41. b3 {[%clk 00:00:03]} {[%emt 00:00:02]}
Nb6 {[%clk 00:01:13]} {[%emt 00:00:05]} 42. c4 {[%clk 00:00:04]} {[%emt
00:00:02]} Nd7 {[%clk 00:01:12]} {[%emt 00:00:03]} 43. Rd6 {[%clk 00:00:05]}
Ke7 {[%clk 00:01:11]} {[%emt 00:00:03]} 44. Rd1 {[%clk 00:00:06]} {[%emt
00:00:01]} g4 {[%clk 00:01:07]} {[%emt 00:00:05]} 45. Nd4 {[%clk 00:00:06]}
{[%emt 00:00:02]} Nc5 {[%clk 00:01:08]} {[%emt 00:00:02]} 46. Rh1 {[%clk
00:00:07]} {[%emt 00:00:01]} Rd7 {[%clk 00:00:51]} {[%emt 00:00:19]} 47. Ke3
{[%clk 00:00:08]} Kd6 {[%clk 00:00:44]} {[%emt 00:00:09]} 48. a5 {[%clk
00:00:08]} {[%emt 00:00:01]} Ke5 {[%clk 00:00:41]} {[%emt 00:00:05]} 49. Rd1
{[%clk 00:00:04]} {[%emt 00:00:07]} Nxb3 {[%clk 00:00:37]} {[%emt 00:00:05]} 50.
Nf3+ {[%clk 00:00:06]} gxf3 {[%clk 00:00:35]} {[%emt 00:00:04]} 51. Rxd7 {[%clk
00:00:07]} Nxa5 {[%clk 00:00:35]} {[%emt 00:00:01]} 52. Kxf3 {[%clk 00:00:06]}
{[%emt 00:00:03]} Nxc4 {[%clk 00:00:35]} {[%emt 00:00:03]} 53. Rxb7 {[%clk
00:00:07]} a5 {[%clk 00:00:30]} {[%emt 00:00:07]} 54. Ra7 {[%clk 00:00:07]}
{[%emt 00:00:02]} Nd2+ {[%clk 00:00:28]} {[%emt 00:00:04]} 55. Ke2 {[%clk
00:00:08]} Nc4 {[%clk 00:00:28]} {[%emt 00:00:02]} 56. Kd3 {[%clk 00:00:09]}
Kd5 {[%clk 00:00:25]} {[%emt 00:00:05]} 57. Rd7+ {[%clk 00:00:10]} {[%emt
00:00:01]} Nd6 {[%clk 00:00:26]} 58. Ra7 {[%clk 00:00:06]} {[%emt 00:00:06]}
Nc4 {[%clk 00:00:26]} {[%emt 00:00:01]} 59. f4 {[%clk 00:00:07]} {[%emt
00:00:01]} e5 {[%clk 00:00:15]} {[%emt 00:00:14]} 60. Rd7+ {[%clk 00:00:07]}
{[%emt 00:00:01]} Nd6 {[%clk 00:00:16]} {[%emt 00:00:02]} 61. Ra7 {[%clk
00:00:05]} {[%emt 00:00:04]} Nc4 {[%clk 00:00:15]} {[%emt 00:00:02]} 62. Rf7
{[%clk 00:00:04]} {[%emt 00:00:03]} Nd6 {[%clk 00:00:08]} {[%emt 00:00:10]} 63.
Ra7 {[%clk 00:00:04]} {[%emt 00:00:02]} Nc4 {[%clk 00:00:08]} {[%emt 00:00:02]}
64. fxe5 {[%clk 00:00:04]} {[%emt 00:00:01]} Nxe5+ {[%clk 00:00:08]} {[%emt
00:00:02]} 65. Ke3 {[%clk 00:00:05]} {[%emt 00:00:01]} Nc6 {[%clk 00:00:04]}
{[%emt 00:00:06]} 66. Rf7 {[%clk 00:00:05]} {[%emt 00:00:02]} Ke6 {[%clk
00:00:05]} {[%emt 00:00:01]} 67. Rc7 {[%clk 00:00:05]} {[%emt 00:00:03]} Ne5
{[%clk 00:00:06]} {[%emt 00:00:01]} 68. Kf4 {[%clk 00:00:05]} {[%emt 00:00:02]}
Kf6 {[%clk 00:00:03]} {[%emt 00:00:05]} 69. Ra7 {[%clk 00:00:06]} {[%emt
00:00:01]} Nc4 {[%clk 00:00:00]} {[%emt 00:00:03]} 1-0

[Event "World Youth & Cadets Blitz Championships"]
[Site "Rhodes, Greece"]
[Date "2022.05.03"]
[Round "9.5"]
[White "Trushko, Andrii"]
[Black "Laux, Dominik"]
[Result "1-0"]
[TimeControl "5'/game & 2\"/move"]
[WhiteElo "2222"]
[BlackElo "2231"]

1. d4 {[%clk 00:05:03]} d5 {[%clk 00:05:03]} {[%emt 00:00:02]} 2. Bf4 {[%clk
00:05:04]} {[%emt 00:00:01]} Nf6 {[%clk 00:05:02]} {[%emt 00:00:03]} 3. e3
{[%clk 00:05:05]} c5 {[%clk 00:05:02]} {[%emt 00:00:01]} 4. c3 {[%clk
00:05:06]} {[%emt 00:00:01]} Nc6 {[%clk 00:05:03]} {[%emt 00:00:01]} 5. Nd2
{[%clk 00:05:07]} {[%emt 00:00:01]} Bf5 {[%clk 00:05:02]} {[%emt 00:00:03]} 6.
Qb3 {[%clk 00:05:08]} {[%emt 00:00:02]} Qc8 {[%clk 00:04:56]} {[%emt 00:00:07]}
7. Bb5 {[%clk 00:05:09]} {[%emt 00:00:01]} e6 {[%clk 00:04:26]} {[%emt
00:00:32]} 8. Ngf3 {[%clk 00:05:05]} {[%emt 00:00:06]} a6 {[%clk 00:04:24]}
{[%emt 00:00:04]} 9. Bxc6+ {[%clk 00:04:58]} {[%emt 00:00:09]} bxc6 {[%clk
00:04:20]} {[%emt 00:00:07]} 10. Qa4 {[%clk 00:04:58]} {[%emt 00:00:02]} Nd7
{[%clk 00:04:00]} {[%emt 00:00:22]} 11. O-O {[%clk 00:04:43]} {[%emt 00:00:17]}
Be7 {[%clk 00:03:58]} {[%emt 00:00:04]} 12. Rac1 {[%clk 00:04:15]} {[%emt
00:00:29]} O-O {[%clk 00:03:42]} {[%emt 00:00:18]} 13. Rfe1 {[%clk 00:04:01]}
{[%emt 00:00:16]} Qb7 {[%clk 00:03:30]} {[%emt 00:00:14]} 14. Qb3 {[%clk
00:03:59]} {[%emt 00:00:04]} Qa7 {[%clk 00:02:43]} {[%emt 00:00:49]} 15. c4
{[%clk 00:03:34]} {[%emt 00:00:27]} Bg6 {[%clk 00:02:33]} {[%emt 00:00:12]} 16.
Qa4 {[%clk 00:03:31]} {[%emt 00:00:06]} Rfc8 {[%clk 00:02:33]} {[%emt
00:00:01]} 17. Ne5 {[%clk 00:02:56]} {[%emt 00:00:37]} Nxe5 {[%clk 00:02:11]}
{[%emt 00:00:25]} 18. Bxe5 {[%clk 00:02:57]} {[%emt 00:00:01]} Qb7 {[%clk
00:01:59]} {[%emt 00:00:14]} 19. Nb3 {[%clk 00:02:53]} {[%emt 00:00:06]} cxd4
{[%clk 00:01:51]} {[%emt 00:00:10]} 20. exd4 {[%clk 00:02:51]} {[%emt
00:00:03]} Qb4 {[%clk 00:01:45]} {[%emt 00:00:08]} 21. Qxb4 {[%clk 00:02:44]}
{[%emt 00:00:10]} Bxb4 {[%clk 00:01:45]} {[%emt 00:00:01]} 22. Red1 {[%clk
00:02:45]} a5 {[%clk 00:01:28]} {[%emt 00:00:19]} 23. Nc5 {[%clk 00:02:46]}
{[%emt 00:00:01]} a4 {[%clk 00:01:12]} {[%emt 00:00:18]} 24. Nd7 {[%clk
00:02:37]} {[%emt 00:00:11]} Ba5 {[%clk 00:00:55]} {[%emt 00:00:20]} 25. cxd5
{[%clk 00:02:21]} {[%emt 00:00:17]} cxd5 {[%clk 00:00:54]} {[%emt 00:00:03]} 26.
Nc5 {[%clk 00:02:17]} {[%emt 00:00:06]} Bb6 {[%clk 00:00:52]} {[%emt 00:00:05]}
27. b4 {[%clk 00:02:10]} {[%emt 00:00:09]} axb3 {[%clk 00:00:38]} {[%emt
00:00:16]} 28. axb3 {[%clk 00:02:05]} {[%emt 00:00:07]} Kf8 {[%clk 00:00:32]}
{[%emt 00:00:07]} 29. Nd7+ {[%clk 00:02:06]} {[%emt 00:00:01]} 1-0

[Event "World Youth & Cadets Blitz Championships"]
[Site "Rhodes, Greece"]
[Date "2022.05.03"]
[Round "9.6"]
[White "Garner, Isaac"]
[Black "Pidluznij, Gleb"]
[Result "1-0"]
[TimeControl "5'/game & 2\"/move"]
[WhiteElo "2283"]
[BlackElo "2044"]

1. e4 {[%clk 00:05:02]} {[%emt 00:00:01]} c5 {[%clk 00:05:03]} {[%emt
00:00:01]} 2. Nf3 {[%clk 00:05:03]} {[%emt 00:00:02]} Nc6 {[%clk 00:05:04]} 3.
d4 {[%clk 00:05:04]} {[%emt 00:00:01]} cxd4 {[%clk 00:05:05]} {[%emt 00:00:02]}
4. Nxd4 {[%clk 00:05:05]} Nf6 {[%clk 00:05:06]} {[%emt 00:00:02]} 5. Nc3 {[%clk
00:05:06]} e5 {[%clk 00:05:05]} {[%emt 00:00:03]} 6. Ndb5 {[%clk 00:05:02]}
{[%emt 00:00:05]} d6 {[%clk 00:05:05]} {[%emt 00:00:02]} 7. Bg5 {[%clk
00:05:02]} {[%emt 00:00:02]} a6 {[%clk 00:05:06]} 8. Bxf6 {[%clk 00:04:58]}
{[%emt 00:00:06]} gxf6 {[%clk 00:05:04]} {[%emt 00:00:05]} 9. Na3 {[%clk
00:04:59]} {[%emt 00:00:01]} b5 {[%clk 00:04:53]} {[%emt 00:00:13]} 10. Nd5
{[%clk 00:04:59]} {[%emt 00:00:01]} f5 {[%clk 00:04:49]} {[%emt 00:00:06]} 11.
g3 {[%clk 00:05:01]} {[%emt 00:00:01]} fxe4 {[%clk 00:04:15]} {[%emt 00:00:35]}
12. Bg2 {[%clk 00:05:02]} {[%emt 00:00:01]} Bg7 {[%clk 00:03:37]} {[%emt
00:00:41]} 13. Bxe4 {[%clk 00:05:01]} {[%emt 00:00:03]} O-O {[%clk 00:03:11]}
{[%emt 00:00:27]} 14. c3 {[%clk 00:05:01]} {[%emt 00:00:02]} Rb8 {[%clk
00:03:08]} {[%emt 00:00:05]} 15. Nc2 {[%clk 00:04:49]} {[%emt 00:00:14]} f5
{[%clk 00:03:04]} {[%emt 00:00:06]} 16. Bg2 {[%clk 00:04:50]} Ne7 {[%clk
00:02:53]} {[%emt 00:00:14]} 17. Ncb4 {[%clk 00:04:40]} {[%emt 00:00:12]} Bb7
{[%clk 00:02:38]} {[%emt 00:00:17]} 18. Nxe7+ {[%clk 00:04:22]} {[%emt
00:00:20]} Qxe7 {[%clk 00:02:38]} {[%emt 00:00:01]} 19. Nc6 {[%clk 00:04:22]}
{[%emt 00:00:02]} Qc7 {[%clk 00:01:43]} {[%emt 00:00:58]} 20. Bd5+ {[%clk
00:04:18]} {[%emt 00:00:05]} Kh8 {[%clk 00:01:43]} {[%emt 00:00:02]} 21. Nxb8
{[%clk 00:04:14]} {[%emt 00:00:06]} Qxb8 {[%clk 00:01:38]} {[%emt 00:00:07]} 22.
O-O {[%clk 00:04:08]} {[%emt 00:00:06]} Bc8 {[%clk 00:01:38]} {[%emt 00:00:05]}
23. a4 {[%clk 00:03:22]} {[%emt 00:00:47]} f4 {[%clk 00:01:37]} {[%emt
00:00:03]} 24. f3 {[%clk 00:02:51]} {[%emt 00:00:33]} Bh3 {[%clk 00:01:22]}
{[%emt 00:00:16]} 25. Rf2 {[%clk 00:02:53]} {[%emt 00:00:01]} Qb6 {[%clk
00:01:06]} {[%emt 00:00:19]} 26. axb5 {[%clk 00:02:50]} {[%emt 00:00:05]} axb5
{[%clk 00:01:07]} 27. Ra8 {[%clk 00:02:34]} {[%emt 00:00:18]} Rxa8 {[%clk
00:01:01]} {[%emt 00:00:08]} 28. Bxa8 {[%clk 00:02:34]} {[%emt 00:00:01]} fxg3
{[%clk 00:01:02]} 29. hxg3 {[%clk 00:02:35]} {[%emt 00:00:01]} Bh6 {[%clk
00:00:59]} {[%emt 00:00:05]} 30. f4 {[%clk 00:02:11]} {[%emt 00:00:26]} exf4
{[%clk 00:00:39]} {[%emt 00:00:22]} 31. gxf4 {[%clk 00:02:08]} {[%emt
00:00:05]} Bxf4 {[%clk 00:00:38]} {[%emt 00:00:03]} 32. Qf3 {[%clk 00:02:09]}
Qe3 {[%clk 00:00:34]} {[%emt 00:00:06]} 33. Qxf4 {[%clk 00:02:01]} {[%emt
00:00:10]} Qe1+ {[%clk 00:00:31]} {[%emt 00:00:05]} 34. Kh2 {[%clk 00:02:01]}
{[%emt 00:00:02]} 1-0